विश्वमंच पर हिन्दी विवध आयाम (Record no. 206446)

MARC details
000 -LEADER
fixed length control field 00739nam a22001937a 4500
005 - DATE AND TIME OF LATEST TRANSACTION
control field 20241016162321.0
010 ## - LCCN (DPL NO)
LC control number HIN-128651
020 ## - INTERNATIONAL STANDARD BOOK NUMBER
Terms of availability 250.00
International Standard Book Number 9789390265329
035 ## - SYSTEM CONTROL NUMBER
System control number HN-100997
037 ## - SOURCE OF ACQUISITION
Source of stock number/acquisition DBAD
082 ## - DEWEY DECIMAL CLASSIFICATION NUMBER
Classification number 425
100 ## - MAIN ENTRY--PERSONAL NAME
Personal name चव्हाण अर्जुन
245 ## - TITLE STATEMENT
Title विश्वमंच पर हिन्दी विवध आयाम
Statement of responsibility, etc अर्जुन चव्हाण
250 ## - EDITION STATEMENT
Edition statement प्रथम
260 ## - PUBLICATION, DISTRIBUTION, ETC. (IMPRINT)
Place of publication, distribution, etc अमन प्रकाशन
270 ## - ADDRESS
City कानपुर
Telephone number 8882 898 898
Address 104A/80C, रामबाग, कानपुर.
Postal code 208012
300 ## - PHYSICAL DESCRIPTION
Extent 104 पृ.
Dimensions 22सेमी. (अजिल्द)
942 ## - ADDED ENTRY ELEMENTS (KOHA)
Source of classification or shelving scheme Dewey Decimal Classification
Item type Hindi Books
Classification part 425
Call number suffix चव्हा
Edition 2021
Holdings
Withdrawn status Lost status Not for loan Collection code Home library Current library Date acquired Source of acquisition Cost, normal purchase price Full call number Barcode Copy number Cost, replacement price Koha item type
      Non-fiction Patel Nagar Patel Nagar 16/10/2024 DBAD 250.00 425 चव्हा HN-100997 1 250.00 Hindi Books

© Delhi Public Library
Hit Counter
free hit counter